Countries Whose Center is Closest to the Equator - Statistics

General Stats
  • This quiz has been taken 61,699 times
  • The average score is 12 of 20
Answer Stats
Latitude Country % Correct
4.04 S D.R. Congo
88%
1.83 S Ecuador
88%
0.79 S Indonesia
85%
0.23 S Republic of the Congo
82%
0.02 S Kenya
76%
4.57 N Colombia
75%
1.65 N Equatorial Guinea
70%
4.21 N Malaysia
70%
1.37 N Uganda
67%
0.80 S Gabon
63%
1.94 S Rwanda
63%
3.37 S Burundi
57%
1.35 N Singapore
57%
4.54 N Brunei
47%
3.92 N Suriname
46%
3.20 N Maldives
44%
0.19 N São Tomé and Príncipe
39%
3.37 S Kiribati
35%
4.68 S Seychelles
35%
0.52 S Nauru
30%
No matching quizzes found
Score Distribution
Percent of People with Each Score
Percentile by Number Answered
Your Score History
You have not taken this quiz